000 00581nam a2200193Ia 4500
003 OSt
005 20201111104715.0
008 190216s9999||||xx |||||||||||||| ||und||
020 _a9788177588590
040 _coclc
082 _a428.24
_bLEE/C
100 _aLeech, Geoffrey
_96447
245 0 _aA Communicative Grammar Of English /
_cGeoffrey Leech ; Jan Svartvik
250 _a3rd Ed.
260 _bPearson Education Limited,
_c2009.
_aNew Delhi:
300 _a323p
650 _aEnglish Literature
942 _cBK
_2ddc
_h428.24
_iLEE/C
_k428.24
_mLEE/C
999 _c14606
_d14606